[Event "EU-ch 6th"]
[Site "Warsaw"]
[Date "2005.06.29"]
[Round "11"]
[White "Neverov, Valeriy"]
[Black "Urban, Klaudiusz"]
[Result "1-0"]
[WhiteElo "2566"]
[BlackElo "2497"]
[Annotator "Meulders,R"]
[PlyCount "91"]
[EventDate "2005.06.18"]
[EventType "swiss"]
[EventRounds "13"]
[EventCountry "POL"]
[SourceTitle "CBM 108"]
[Source "ChessBase"]
[SourceDate "2005.09.26"]
[SourceVersion "1"]
[SourceVersionDate "2005.09.26"]
[SourceQuality "1"]

1. d4 Nf6 2. c4 c6 3. Nc3 d6 4. e4 Nbd7 5. Nge2 (5. Nf3 {ist natürlich der
Normalzug. Der Textzug is bescheiden.}) 5... a6 6. a4 e5 7. d5 Nc5 8. f3 a5 9.
Be3 g6 {Angeblich spielt Schwarz lieber Königsindisch als Altindisch.} 10. Nc1
Be7 {Oder doch nicht?} 11. Bd3 {Solch einen schlechten Läufer bietet man gerne
zum Tausch an.} Nh5 12. Bc2 O-O 13. O-O (13. Qd2 {Um den Abtausch des guten
Läufers zu vermeiten.} f5 14. exf5 gxf5 15. O-O $16) 13... Bg5 {Schwarz hätte
gern seinen schlechten Läufer getauscht...} 14. Bf2 {und Weiß möchte seinen
guten gerne behalten.} Nf4 15. N1e2 Nxe2+ (15... f5) 16. Qxe2 Na6 (16... Bd7)
17. Rad1 c5 18. Kh1 Nc7 19. g3 Ne8 20. Be1 Bh3 21. Rg1 Bd7 22. Qf2 f5 {Schwarz
hat die Stellung ausgeglichen.} 23. exf5 Bxf5 (23... gxf5 24. f4 {[%csl Rg8]
[%cal Gg1g8]} Bf6 25. fxe5 Bxe5 26. Bd2 $14 {[%csl Rf5]}) 24. Bxf5 Rxf5 25. Ne4
Bh6 26. Qe2 Rf8 27. Bc3 b6 28. Rdf1 Ra7 29. f4 {Aktiv aber riskant; der f-P
wird schwach.} exf4 30. gxf4 Raf7 31. Qg4 Bxf4 (31... Rxf4 32. Rxf4 Rxf4 33.
Qe6+ Rf7 $11) 32. Rf3 Bh6 $2 (32... Ng7 $1 33. Rh3 Qe7 34. Re1 Be5 {und
Schwarz steht überlegen. Jetzt ist es aber andersrum.}) 33. Rh3 $18 {[%csl Rg6,
Rh7][%cal Gh3h7,Gg4g8,Gg1g4,Gc3g7,Ge4f6,Ge4d6] An allen Seiten liegt Schwarz
unter Feuer.} Bg7 34. Rxh7 $1 $18 {Die wackelige Festung wird gesprengt.} Kxh7
35. Qxg6+ Kg8 36. Ng5 Qxg5 {Gestattet noch eine kurze Lebensverlängerung.} 37.
Rxg5 Rf1+ 38. Kg2 R1f2+ 39. Kh3 R8f3+ 40. Rg3 Rxg3+ 41. hxg3 Nf6 42. g4 Rf3+
43. Kg2 Rxc3 {Cf. Kommentar Zug 36. Es ist aber nicht die Länge sondern die
Qualität des Lebens die zählt.} 44. bxc3 Kf8 45. g5 Ne8 46. Qe6 (46. Qe6 Be5
47. g6 {[%csl Rf7]} Kg7 48. Qxe8 {usw.}) 1-0

[Event "UKR-ch KO 74th"]
[Site "Rivne"]
[Date "2005.08.25"]
[Round "1.2"]
[White "Neverov, Valeriy"]
[Black "Alexikov, Alexander"]
[Result "1/2-1/2"]
[WhiteElo "2572"]
[BlackElo "2369"]
[Annotator "Meulders,R"]
[PlyCount "66"]
[EventDate "2005.08.24"]
[EventType "k.o."]
[EventRounds "5"]
[EventCountry "UKR"]
[SourceTitle "CBM 109"]
[Source "ChessBase"]
[SourceDate "2005.11.14"]
[SourceVersion "1"]
[SourceVersionDate "2005.11.14"]
[SourceQuality "1"]

1. d4 Nf6 2. c4 d6 3. Nc3 e5 4. dxe5 dxe5 5. Qxd8+ Kxd8 {Nicht weniger als 650
Partien findet man online mit dieser Variante. Falls früher Damentausch für
Weiß das Eureka wäre, könnte Schwarz diese Variante natürlich überhaupt nicht
spielen...} 6. Bg5 (6. Nf3 Nbd7 7. Rg1 {wurde mir vor vielen Jahren (Haifa
1989) schon durch V. Hort als chancenreiches Rezept empfohlen - natürlich
NACHDEM ich als Weißspieler die Partie gegen ihn verloren hatte... Die
Zugfolge war anders, aber das Pinzip ist ähnlich. Online fand ich 23 Partien
nach 7.Rg1. Ergebnis für Weiß: 14+, 9=, 0- Zufall? Dass ich nicht lache!}) 6...
Nbd7 7. O-O-O c6 8. Bxf6+ gxf6 9. g3 Kc7 (9... Bb4 10. Ne4 f5 11. Nf6 Ke7 12.
Nxd7 Bxd7 13. Nf3 Be6 14. Nxe5 Bd6 15. Nd3 Bxc4 16. Kb1 Bd5 17. f3 Kf6 18. Nf2
Rad8 19. e4 fxe4 20. Nxe4+ Bxe4+ 21. fxe4 {1/2-1/2 Moskalenko,V-Kozlov,V/Riga
1988 (21)}) 10. Bh3 a5 (10... Nb6 11. Bxc8 Rxc8 12. b3 Ba3+ 13. Kc2 Rcd8 14.
Nf3 a5 15. Nh4 a4 16. Ne4 axb3+ 17. axb3 $14 {1-0 Gretarsson,H-Burwick,M/
Stockholm 1996 (41)}) (10... Nb6 11. Bxc8 Rxc8 12. b3 Bc5 13. e3 f5 $11) 11.
Nf3 (11. Ne4 Be7 12. Nf3 Nc5 13. Nxc5 Bxh3 14. Ne4 Be6 15. Nfd2 f5 16. Nc3 a4
$15 {0-1 Pimienta Sanchez,M-Gonzalez/Palma de Mallorca 1993 (41)}) 11... Bb4 (
11... Nc5 12. Bxc8 Rxc8 13. Kc2 Rg8 14. Nd2 Be7 15. Nb3 (15. e4) 15... Rg4 16.
Nxc5 Bxc5 17. b3 f5 $11 {1-0 Tempone,M-Mendez Ataria,E/Buenos Aires 1995 (45)})
12. Ne4 Nc5 $1 13. Bxc8 Nxe4 (13... Raxc8 $4 14. Nxf6 $18) 14. Bf5 Nd6 $1 (
14... Nxf2 15. Rd7+ Kb6 16. Rf1 Bc5 17. Rxf7 Raf8 18. Rxh7 Rxh7 19. Bxh7 $14)
15. Nh4 a4 16. a3 Bc5 {Der B steht unantastbar hier und deckt den Nd6
zuverlässig.} 17. e3 $11 e4 $5 {[%csl Ge5]} 18. Rd2 h5 {Sonst kann der Rh8
nicht mitmachen.} (18... h6) 19. Rhd1 Rhe8 20. Bh3 {[%csl Rh5][%cal Gh3f1,
Gf1e2,Ge2h5]} Re5 21. Bf1 Rh8 22. Ng2 {[%csl Rh5][%cal Gg2f4,Gf4h5,Gf1e2,Ge2h5]
} f5 $6 {Beschränkt die Aktivität des Re5.} 23. h4 {Sonst spielt Schwarz
selbst ...h4 falls Weiß den passiven Ng2 aktiviert.} Re6 24. Nf4 Reh6 {Der
einzige Weg um Ph5 zu decken.} 25. Be2 R8h7 {Schwarz kann, aber muss auch
nichts machen. Also 'Surplace', wie auf der Radrennbahn beim Spurt.} 26. Kb1
Rh8 27. Rc1 Nc8 28. Bd1 Nb6 29. Be2 Nd7 30. Bd1 Nb6 31. Be2 R8h7 32. Bd1 Rh8
33. Be2 Nd7 {Weiß kann keine Fortschritte machen, also Remis.} 1/2-1/2

[Event "Bundesliga 0506"]
[Site "Germany"]
[Date "2006.02.18"]
[Round "10.4"]
[White "Braun, Arik"]
[Black "Schoeneberg, Manfred"]
[Result "1-0"]
[WhiteElo "2465"]
[BlackElo "2322"]
[Annotator "Meulders,R"]
[PlyCount "61"]
[EventDate "2005.10.21"]
[EventType "team-tourn"]
[EventRounds "15"]
[EventCountry "GER"]
[SourceTitle "CBM 112"]
[Source "ChessBase"]
[SourceDate "2006.06.07"]
[SourceVersion "1"]
[SourceVersionDate "2006.06.07"]
[SourceQuality "1"]
[WhiteTeam "Eppingen"]
[BlackTeam "Leipzig Gohlis"]
[WhiteTeamCountry "GER"]
[BlackTeamCountry "GER"]

1. d4 Nf6 2. c4 d6 3. Nc3 Nbd7 4. Nf3 c6 5. Bg5 h6 6. Bh4 g5 7. Bg3 Nh5 8. e3
Nxg3 9. hxg3 Bg7 10. Bd3 (10. Qc2 a6 (10... e6 11. Be2 d5 12. cxd5 exd5 13. Bd3
Qe7 14. Bf5 Nb6 15. O-O O-O 16. Rfe1 Bxf5 17. Qxf5 Nc4 18. Qc2 f5 19. e4 fxe4
20. Nxe4 Qf7 21. Nc5 Rae8 22. g4 {1/2-1/2 Soppe,G-Godoy Bugueno,D/Santiago
1992 (22)}) 11. Be2 b5 12. Nxg5 hxg5 13. Rxh8+ Bxh8 14. Qh7 Bf6 15. Bh5 Nb8 16.
Qxf7+ Kd7 17. cxb5 axb5 18. Rc1 Qh8 $11 19. Nxb5 Kd8 $1 20. Nc3 Nd7 $11) 10...
Nf6 11. Qc2 Qc7 12. b4 a5 13. b5 Bd7 14. Rb1 $14 c5 15. b6 Qd8 16. dxc5 dxc5
17. Nd5 Nxd5 18. cxd5 Rc8 19. Bc4 Bg4 20. Nd2 Qd6 21. Bb5+ (21. Qa4+ Bd7 22.
Qxa5 O-O 23. Qa3 Qg6 24. Qd3 $14) 21... Kf8 22. Qe4 $11 h5 23. O-O Rd8 $14 24.
Nc4 Qf6 25. Rb3 Be2 (25... Bf5 $1 26. Qf3 $8 Bc2 27. Ra3 Qxf3 28. gxf3 Rxd5 29.
Rxa5 Rd8 30. Ra7 Rb8 31. Rc1 Bf5 32. Na5 $16) 26. Nxa5 Bxf1 27. Bxf1 Ra8 $2 {
So verliert Schwarz schnell. Der einzige Zug war Rb8, obwohl auf die Dauer die
Stellung nicht zu halten ist:} (27... Rb8 28. Rb5 Rh6 29. Nb3 Qe5 30. Qxe5 Bxe5
31. Nxc5 Ke8 32. a4 $1 Kd8 33. a5 h4 34. d6 Bxd6 35. Nxb7+ $1 {So bekommt Weiß
zwei Riesenbauern.} Rxb7 36. a6 Rb8 37. a7 Ra8 38. Rxg5 Rh8 39. gxh4 Kd7 40.
Bb5+ $18) (27... Rd6 $2 28. Nxb7 Rxb6 29. d6 $1 $18) 28. Nxb7 Rxa2 29. f4 gxf4
30. Nxc5 $18 Kg8 31. b7 1-0

[Event "Montreal 4th"]
[Site "Montreal"]
[Date "2003.08.02"]
[Round "10"]
[White "Ross, David"]
[Black "Romanishin, Oleg M"]
[Result "1/2-1/2"]
[WhiteElo "2318"]
[BlackElo "2561"]
[Annotator "Meulders,R"]
[PlyCount "98"]
[EventDate "2003.07.23"]
[EventType "tourn"]
[EventRounds "11"]
[EventCountry "CAN"]
[EventCategory "11"]
[SourceTitle "CBM 097"]
[Source "ChessBase"]
[SourceDate "2003.11.11"]
[SourceVersion "1"]
[SourceVersionDate "2003.11.11"]
[SourceQuality "1"]

1. d4 Nf6 2. c4 d6 3. g3 e5 4. Nf3 $6 (4. dxe5 dxe5 5. Qxd8+ Kxd8 6. Bg2 Bc5 7.
Nc3 h6 8. Bd2 c6 9. O-O-O Kc7 $11) 4... e4 {[%csl Ge4] Bis Schwarz ihn opfert,
ist dieser Bauer ein Dorn ins weisse Fleisch.} 5. Ng5 h6 6. Nh3 g6 {Nach nur 6
Zügen ist eine originelle Stellung entstanden, eine Hybride von Alt- und
Königsindisch mit Nh3 als seltenes Tier, in der der Nonkonformist Romanishin
sich wohl fühlen sollte.} (6... d5 7. cxd5 Nxd5 8. Nf4 Nc6 9. Nxd5 Qxd5 10. e3
Bf5 11. Nc3 Bb4 12. Bd2 Bxc3 13. bxc3 Qd7 14. Rb1 Rb8 15. Bg2 O-O 16. c4 $11)
7. Nc3 Bg7 8. Nf4 O-O 9. h3 (9. Bg2) 9... c6 {/\...d5} 10. d5 c5 11. Ng2 (11.
Bg2 $2 g5 {gewinnt den Springer.}) (11. e3 Re8 12. Bg2 Na6 13. a3 g5 14. Nh5
Nxh5 15. Qxh5 Bxc3+ 16. bxc3 Qf6 17. Bd2 $11 Bf5) 11... Re8 12. Bd2 Na6 13. Qc1
Kh7 14. Ne3 Nc7 15. a4 {[%csl Rc7]} a6 16. Bg2 (16. a5 {[%cal Gc3a4,Ga4b6]} Bd7
17. Bg2 Qe7 18. Na4 Rad8 19. Nb6 Nh5 20. Nxd7 Qxd7 21. Bc3 $11) 16... Qe7 17.
a5 Rb8 18. Ra3 {Die Einleitung zu einem passiven Manöver.} (18. Na4 Na8 19. Rb1
) (18. Qc2 b5 19. axb6 Rxb6 20. Na4 Rb7 21. Nc3 {mit etwa gleichen Chancen
erscheint mir logischer.}) 18... Bd7 19. b3 Nh5 $1 {Romanishin will sich nich
passiv verhalten und opfert daher richtig einen Bauer. Die unglückliche
Stellung von Nc7 hat ihm bestimmt jicht gefallen, aber Na8 ist eben keine
ernsthafte Alternative, also angreifen....} 20. Nxe4 f5 21. Nc3 f4 22. gxf4 {
Wegen der Drohung Bxc3 und Qxe2 Matt könnte Ne3 natürlich nur nach d1 weichen
aber dan fällt g3.} Nxf4 23. Bf3 (23. Bf1 Qh4 {und die schwarze Initiative
schwöllt an.}) 23... Nxh3 24. Kf1 $6 (24. Ne4 $1 {um den bedrängten weissen
König zu Hilfe zu eilen erscheint mir besser.} {z.B.} Qh4 $2 25. Ng2 Qe7 26.
Nf4 {und Weiss ergreift die Initiative.}) 24... Rf8 (24... Qh4 25. Ncd1 Rf8 26.
Ng2 Qe7 27. Nf4 $11) 25. Ne4 Rbe8 26. Qc2 Nf4 $2 {Das droht nichts und Weiss
bestraft die Zögerung sofort.} (26... Bd4 27. b4 $1) (26... Rf4 $1 $17 {
wäre viel besser gewesen.}) 27. b4 $1 {[%csl Rc7] Auch hier ist dieser aktiver
Zug jetzt seht stark, nicht nur eine Verteidigung aber ein unangenehmer
Gegenangriff. Wie zuvor ist die unglückliche Stellung von Nc7 sehr unangenemh.}
cxb4 28. Bxb4 Be5 29. Ng4 $1 Bxg4 $8 30. Bxg4 Kg7 31. e3 {Weiss hat grossen
Vorteil....} Nh5 32. Bxh5 $18 {...und steht jetzt auf Gewinn, aber die Nerven..
..} gxh5 33. Rxh5 Qf7 34. Rxe5 $1 Rxe5 35. Bxd6 {Die Lage für Schwarz is nun
sehr peinlich.} Rh5 36. Bxf8+ (36. Qb2+ $1 Kg6 (36... Kg8 37. Bxf8 Rh1+ 38. Kg2
Rh4 39. Qe5 Rg4+ 40. Kf1 Kxf8 41. Qh8+ Ke7 42. d6+ $18) 37. Bxf8 Qxf8 38. Qb6+
{mit Vernichtung.}) 36... Qxf8 37. Ng3 $2 (37. Qb2+ $1 Kg6 38. Qb6+ {usw.})
37... Rg5 38. Qc3+ Kg8 39. e4 Ne8 40. Nf5 (40. Rb3 $5 Nd6 41. e5 Nf5 42. Ne4
$18) 40... Nd6 41. Nxd6 Qxd6 42. c5 Qh2 43. Qh3 Qg1+ 44. Ke2 Qb1 45. Qe6+ Kh7
46. Rg3 $6 (46. Qf7+ Kh8 47. Qf6+ Kh7 48. Qd4 Qc2+ 49. Kf3 $18) 46... Qb5+ 47.
Kf3 $2 {Hiermit verdirbt Weiss seine Gewinnchancen volkommen.} (47. Rd3 Qxc5
48. d6 Qc2+ 49. Ke3 Qc1+ 50. Kf3 Qh1+ 51. Ke2 Qh5+ 52. Rf3 $18) 47... Qd3+ 48.
Kg2 Rxg3+ 49. fxg3 Qe2+ {Uff!} 1/2-1/2

[Event "Montreal 3rd"]
[Site "Montreal"]
[Date "2002.08.01"]
[Round "7"]
[White "Hebert, Jean"]
[Black "Zugic, Igor"]
[Result "1/2-1/2"]
[WhiteElo "2416"]
[BlackElo "2450"]
[Annotator "Meulders,R"]
[PlyCount "94"]
[EventDate "2002.07.25"]
[EventType "tourn"]
[EventRounds "11"]
[EventCountry "CAN"]
[EventCategory "11"]
[SourceTitle "CBM 091"]
[Source "ChessBase"]
[SourceDate "2002.11.12"]
[SourceVersion "1"]
[SourceVersionDate "2002.11.12"]
[SourceQuality "1"]

1. Nf3 Nf6 2. c4 d6 3. d4 Bg4 4. g3 $6 {Von dieser Zug habe ich in der (Groß)
meisterpraxis kein Beispiel gefunden. Der einzige Vorteil ist, dass Schwarz
eigentlich gezwungen wird, gleich auf f3 zu tauschen, aber Weiß hat schon so
früh im Spiel keinen Vorteil.} (4. Qb3) (4. Nc3) 4... Bxf3 5. exf3 c6 ({
Auch mit} 5... d5 $5 {[%csl Rd4] hätte Schwarz sofort gleiches Spiel gehabt.})
6. d5 g6 7. Nc3 Bg7 8. Be3 O-O 9. Bh3 {Ziemlich überraschend: Schwarz eröffnet
die Stellung, auf brutale Weise, nicht sehr üblich wenn der Gegner das
Läuferpaar hat} b5 $5 (9... Nbd7 10. O-O Ne5 11. Qe2 cxd5 12. cxd5 Qa5 13. f4
Ned7 14. a3 a6 15. f5 b5 16. fxg6 hxg6 17. b4 Qc7 18. Rac1 Qb7 {mit gleichen
Chancen.}) 10. cxb5 Nxd5 11. Nxd5 cxd5 12. Qxd5 Nd7 {[%cal Gg7b2,Gd5a8,Gh3d7,
Ge3a7] Es ist schwierig für Weiß seinen Mehrbauer zu behalten, also
entschließt er sich ihn sofort zurück zu geben.} 13. O-O (13. Qd2 Rb8 14. a4
Ne5 15. Qe2 Qa5+ 16. Kf1 e6 17. Kg2 Rfc8 18. b4 Qc7 (18... Qxb4 19. Bxa7 Rb7
20. Rhb1 Qc4 21. Qe3) 19. Rac1 Qb7 20. Rhd1 Rxc1 21. Rxc1 Rd8 $44 {[%csl Rh3]})
13... Bxb2 14. Rab1 Bf6 15. Bxd7 (15. Rfc1 Nb6 16. Qd3 d5 {[%csl Gc4][%cal
Gb6c4,Gf6a1] Und Schwarz steht ein wenig besse: der Bh3 steht abseits und
Schwarz hat gute zentrale Bauer.}) 15... Qxd7 16. Rfc1 e6 17. Qc6 Rfd8 $15 {
[%csl Gd6,Ge6,Rf3]} 18. Qa6 d5 19. Bf4 (19. Rc6 d4 20. Bd2 Qd5 21. f4 d3 $17)
19... d4 (19... Bd4 20. a4 Rdc8 $15) 20. Bc7 $1 $13 {Weiß geht aktiv vor und
gebraucht seinen B als peinlichen Dorn im schwarzem Fleisch.} (20. Rc7 Qd5 $17)
20... Rdc8 21. Qc6 Qxc6 22. Rxc6 Kf8 {Schwarz hat einen starken d-Freibauern,
aber die weißen Türme sind viel aktiver und die weiße Bauernmehrheit am
Damenflügel ist auch eine Drohung.} 23. Kf1 Ke8 24. Ke2 Bd8 (24... Kd7 25. Rbc1
h5 26. Kd3 Ke8 27. f4 Ke7 28. Be5 Rxc6 29. Rxc6 Bxe5 30. fxe5 $18) 25. Bxd8
Rxc6 (25... Rxd8 26. Kd3 Rd7 27. Rbc1 $14) 26. bxc6 Rxd8 27. Rb7 Rc8 28. c7 a6
{Schwarz muss hier sehr gut aufpassen.} 29. Kd3 e5 $5 (29... Kd7 $2 30. Kxd4
Kc6 31. Rb4 Rxc7 32. Rc4+ Kd6 33. Rxc7 Kxc7 34. Ke5 Kd7 35. Kf6 Ke8 36. f4 h5
37. f3 $16) 30. f4 f6 31. fxe5 fxe5 32. f4 exf4 33. gxf4 Kd7 34. Kxd4 Rf8 35.
Ke4 Rf5 36. c8=Q+ Kxc8 37. Rxh7 Ra5 38. h4 (38. Rg7 Rxa2 39. Rxg6 Rxh2 40. Rxa6
Kd8 41. f5) 38... Rxa2 39. Kf3 Ra3+ 40. Kg4 Ra1 41. Rg7 Rg1+ 42. Kf3 Rh1 43.
Rh7 Kd8 44. Kg2 Rc1 45. Kf3 Ke8 46. Ra7 Rh1 47. Kg3 Ra1 1/2-1/2